000 00607cam7a220019300 4500
001 tmp15423247
003 UPRA
005 20190815101848.0
008 950811s1964 mbc eng u
035 _a(Sirsi) r33217
035 _a(UPRA)tmp15423247
040 _cUPRA
110 1 _aBechuanaland Protectorate.
_6A96340.1
245 1 0 _aReport on the census of the Bechuanaland Protectorate, 1964.
260 _a[Mafeking, South Africa?] ,
_c[1965]
651 0 _aBotswana -- Census 1964.
_yBotswana -- Census 1964.
_6S70097.1
949 _aHA2275
_wlcc
_i33729005800805
_mMAIN
_tBOOK
_lON-SHELF
004 33217
999 _c63449
_d63449